[Event "MTS Logistics 2017"]
[Site "Urla"]
[Date "2017.07.13"]
[Round "10.1"]
[White "Tuncer, Tuna"]
[Black "Ozen, Bahadir"]
[Result "1/2-1/2"]
[WhiteElo "2274"]
[BlackElo "2315"]
[Annotator "TA"]
[PlyCount "55"]
[EventDate "2017.??.??"]
[EventType "schev"]
[EventCountry "TUR"]
[SourceTitle "playchess.com"]
[Source "ChessBase"]
[SourceQuality "1"]

{[%evp 33,55,10,53,35,35,45,43,38,30,0,0,0,0,0,0,0,0,0,0,0,0,0,0,0]} 1. e4 c5 2. Nf3 d6 3. d4 Nf6 4. Nc3 cxd4 5. Nxd4 a6 6. Be3 Ng4 7. Bc1 Nf6 8. Be3 Ng4 9. Bg5 h6 10. Bh4 g5 11. Bg3 Bg7 12. h3 Ne5 13. Nf5 Bxf5 {B90: Sicilian Najdorf: Unusual White 6th moves, 6 Be3 Ng4 and 6 Be3 e5} 14. exf5 Nbc6 15. Nd5 e6 16. fxe6 fxe6 17. Ne3 Qa5+ {LiveBook: 34 Games} 18. c3 Nf3+ 19. Qxf3 ({Much weaker is} 19. gxf3 Bxc3+ 20. bxc3 Qxc3+ 21. Qd2 Qxa1+ 22. Nd1 Qd4 $15) 19... Bxc3+ $1 20. Kd1 Qa4+ 21. Kc1 (21. Nc2 Bxb2 {½-½ (62) Nakamura,H (2785)-Grischuk,A (2742) Sharjah 2017}) 21... Bxb2+ $1 {The position is equal.} 22. Kxb2 Qb4+ 23. Kc1 Nd4 24. Qd1 Qc3+ 25. Kb1 {[#]} Qb4+ $146 26. Kc1 Qc3+ 27. Kb1 Qb4+ 28. Kc1 1/2-1/2

[Event "MTS Logistics 2017"]
[Site "Urla"]
[Date "2017.07.13"]
[Round "10.2"]
[White "Kesgin, Halit Kaan"]
[Black "Esen, Baris"]
[Result "1-0"]
[WhiteElo "2207"]
[BlackElo "2528"]
[Annotator "TA"]
[PlyCount "87"]
[EventDate "2017.??.??"]
[EventType "schev"]
[EventCountry "TUR"]
[SourceTitle "playchess.com"]
[Source "ChessBase"]
[SourceQuality "1"]

{[%evp 9,87,52,47,52,57,51,60,39,36,33,43,44,32,41,21,34,31,38,67,7,57,62,95,94,96,48,102,65,96,37,124,96,99,108,146,133,178,178,167,97,142,120,167,27,192,131,142,16,100,107,133,126,142,141,169,94,94,74,77,67,80,80,79,6,5,12,63,61,579,548,454,426,392,387,532,501,1793,1825,2025,2049]} 1. e4 b6 2. d4 Bb7 3. Bd3 g6 4. Nf3 Bg7 5. Qe2 (5. O-O d6 6. c3 e6 7. Re1 Ne7 8. Nbd2 Nd7 9. Nf1 a6 10. Ng3 O-O 11. Qe2 c5 12. Be3 h6 {½-½ (66) Leko,P (2751)-Kamsky,G (2725) Nice 2009}) 5... d6 6. O-O {B00: Queen's Fianchetto Defence, Nimzowitsch Defence} Nd7 7. Re1 e6 8. Nbd2 {White is slightly better.} Ne7 9. Nf1 $146 ({Predecessor:} 9. e5 O-O 10. Nf1 Bxf3 11. Qxf3 dxe5 12. Be4 exd4 13. Bxa8 Qxa8 14. Qh3 {1-0 (32) Popovics,A (2418)-Csom,I (2463) Hungary 2005}) 9... e5 10. c3 O-O 11. h4 exd4 12. cxd4 c5 13. d5 Re8 {Threatening ...Nxd5!} 14. Ne3 (14. Qd2 $14) 14... Nf6 (14... f5 $5) 15. Qc2 Bc8 16. a4 Bd7 17. Nc4 Nc8 (17... Bg4 $14) 18. Bf4 Bf8 19. b4 (19. Bg5 $16) 19... Bg4 (19... cxb4 $14 20. Rac1 a5) 20. bxc5 bxc5 21. Nfd2 $36 {[%mdl 2048] White is on the roll.} Nh5 22. Bg5 f6 23. Be3 $1 Nb6 24. f3 (24. e5 $18) 24... Bd7 $16 25. g4 Ng7 26. Bf4 (26. Re2 $18) 26... Qc7 $2 (26... f5 $11 {and Black has nothing to worry.}) 27. a5 (27. Ne3 $18) 27... Nxc4 28. Bxc4 (28. Nxc4 $16 {Strongly threatening Qh2.} Reb8 29. Kf2) 28... Qc8 (28... f5 $1 $11) 29. Qc3 Qd8 30. Rab1 Be7 31. Bh6 Qc7 32. g5 ({White should try} 32. a6 $18) 32... Nh5 33. e5 fxe5 {[#]} 34. Rxe5 $1 {[%mdl 512]} Bf8 (34... dxe5 35. d6+) 35. Rxe8 Rxe8 {[#]} 36. Bxf8 (36. a6 $1 $16) 36... Rxf8 $11 37. a6 {aiming for Rb7.} Bc8 (37... Rb8 $11) 38. Ne4 $14 h6 $2 {[%mdl 8192]} (38... Re8 $14) 39. gxh6 $18 Kh7 40. Re1 {[%cal Bb1e1,Be1e4,Be4e7][%mdl 32]} Kxh6 {[#]} 41. Ng5 $1 Nf4 42. Re4 {White is clearly winning.} Qd8 (42... Qg7 $142 43. Qxg7+ Kxg7 44. Re7+ Kf6 45. Rxa7 Rh8) 43. Qe3 Qf6 44. Re7 {Precision: White = 60%, Black = 24%.} 1-0

[Event "MTS Logistics 2017"]
[Site "Urla"]
[Date "2017.07.13"]
[Round "10.3"]
[White "Agdelen, Huseyin Can"]
[Black "Gokerkan, Cem Kaan"]
[Result "0-1"]
[WhiteElo "2309"]
[BlackElo "2321"]
[Annotator "TA"]
[PlyCount "69"]
[EventDate "2017.??.??"]
[EventType "schev"]
[EventCountry "TUR"]
[SourceTitle "playchess.com"]
[Source "ChessBase"]
[SourceQuality "1"]

{[%evp 19,69,3,12,0,16,8,6,-9,20,-13,-8,-18,20,-4,-4,-28,-10,-51,-26,-28,0,-10,1,-152,-156,-221,-210,-201,-151,-162,-166,-281,-185,-390,-387,-391,-385,-385,-368,-354,-386,-838,-589,-518,-307,-843,-836,-1073,-1070,-980,-769,-29983]} 1. e4 c5 2. Nf3 d6 3. d4 cxd4 4. Nxd4 Nf6 5. Nc3 a6 6. h3 e5 7. Nde2 h5 {B90: Sicilian Najdorf: Unusual White 6th moves, 6 Be3 Ng4 and 6 Be3 e5} 8. g3 Be6 9. Bg2 b5 10. O-O Nbd7 {LiveBook: 13 Games} 11. a4 (11. Be3 Be7 12. Nd5 Nxd5 13. exd5 Bf5 14. f4 Rc8 15. c3 {0-1 (53) Karjakin,S (2781)-Vachier Lagrave,M (2796) Paris 2017}) 11... b4 12. Nd5 Nxd5 13. exd5 Bf5 14. f4 {[#] Black must now prevent fxe5.} Rc8 $146 ({Predecessor:} 14... Qc8 15. c3 bxc3 16. Nxc3 {0-1 (35) Wang,J (2380)-Gu,X (2324) Yangzhou 2016}) 15. c3 {Strongly threatening fxe5.} Qb6+ 16. Kh1 g6 17. Re1 (17. a5 $5 {[%cal Ra5b6]} Qb7 18. Re1 $11) 17... Be7 18. Bd2 (18. a5 $5 {[%cal Ra5b6]} Qc5 19. fxe5 dxe5 20. cxb4 Qxb4 21. Nc3 $15) 18... bxc3 19. Bxc3 O-O 20. Ng1 (20. a5 $5 {[%cal Ra5b6]} Qb5 21. fxe5 dxe5 22. d6 $15) 20... Qf2 (20... Rxc3 $5 21. bxc3 Nc5 $11) 21. Rf1 $2 (21. Qf3 $1 $11 Qxf3 22. Nxf3) 21... Qxg3 $17 22. Ra3 (22. fxe5 $17 Nxe5 {[#]} 23. Rxf5 $1 {[%mdl 512]} gxf5 24. Qxh5) 22... Qd3 $19 23. Qe1 Qc2 24. Nf3 Rfe8 $36 {[%mdl 2048] Black has strong initiative.} 25. Qg3 (25. Ra1 $142) 25... Rc4 26. Nd2 $2 (26. fxe5 {keeps fighting.} dxe5 27. Raa1) 26... Rxf4 27. Rxf4 exf4 28. Qxf4 Bf6 29. Bxf6 Nxf6 30. Rg3 $2 (30. Re3 Rxe3 31. Qxe3) 30... Qc1+ 31. Kh2 Re5 32. Qb4 $2 (32. Qd4 Qd1 33. Nf3 Qxd4 34. Nxd4) 32... Re2 {Black is clearly winning.} 33. Nb3 Qxb2 {aiming for ...Be4.} 34. Qd4 Be4 {[%cal Re2g2]} 35. Kh1 {Precision: White = 19%, Black = 51%.} 0-1

[Event "MTS Logistics 2017"]
[Site "Urla"]
[Date "2017.07.13"]
[Round "10.6"]
[White "Drasko, Milan"]
[Black "Bulmaga, Irina"]
[Result "1/2-1/2"]
[WhiteElo "2451"]
[BlackElo "2412"]
[Annotator "TA"]
[PlyCount "36"]
[EventDate "2017.??.??"]
[EventType "schev"]
[EventCountry "TUR"]
[SourceTitle "playchess.com"]
[Source "ChessBase"]
[SourceQuality "1"]

{[%evp 19,21,8,14,24]} 1. Nf3 d5 2. g3 Nf6 3. Bg2 c6 4. O-O Bg4 5. d3 Nbd7 6. Qe1 e5 7. e4 dxe4 8. dxe4 Bc5 9. Nbd2 O-O 10. h3 Bh5 {LiveBook: 309 Games} 11. a4 {A07: Réti Opening: New York and Capablanca Systems} {Predecessor:} Qc7 $146 12. Nb3 Be7 13. Nh4 Rfe8 14. Be3 Bf8 15. g4 Bg6 16. Nf5 a5 17. Qe2 Nb6 18. Ng3 Nfd7 {1-0 (59) Svidler,P (2759)-Bok,B (2613) Biel 2016} 1/2-1/2

[Event "MTS Logistics 2017"]
[Site "Urla"]
[Date "2017.07.13"]
[Round "10.7"]
[White "Yilmazyerli, Mert"]
[Black "Evdokimov, Alexander A"]
[Result "0-1"]
[WhiteElo "2459"]
[BlackElo "2493"]
[Annotator "TA"]
[PlyCount "73"]
[EventDate "2017.??.??"]
[EventType "schev"]
[EventCountry "TUR"]
[SourceTitle "playchess.com"]
[Source "ChessBase"]
[SourceQuality "1"]

{[%evp 19,73,-11,-10,-143,-137,-141,-133,-145,-140,-135,-141,-154,-159,-164,-161,-157,-156,-162,-167,-162,-145,-162,-160,-159,-158,-179,-167,-193,-154,-272,-252,-235,-204,-207,-203,-203,-189,-239,-201,-340,-324,-429,-432,-699,-654,-1139,-1113,-1055,-994,-945,-919,-907,-882,-867,-836,-779]} 1. g3 g6 2. Bg2 Bg7 3. e4 c5 4. Ne2 e5 5. O-O Ne7 6. Nbc3 O-O 7. d3 Nbc6 8. Be3 d6 9. Qd2 Nd4 10. f4 Be6 {LiveBook: 39 Games} 11. Nd5 {[#] B26: Closed Sicilian: 3 g3, lines with early Be3} (11. Rf2 $11) 11... Bxd5 $1 $17 12. exd5 {[#]} Nef5 $1 {[%cal Rf5e3]} 13. Nxd4 $146 {Black is clearly better.} ({Predecessor:} 13. Bf2 Nxe2+ 14. Qxe2 exf4 15. gxf4 Bxb2 16. Rab1 Re8 17. Qd2 Qf6 18. d4 Bxd4 19. Rxb7 Ne3 20. Kh1 Nxf1 21. Bxf1 Rab8 22. Rb3 Rxb3 23. axb3 Bxf2 24. Qxf2 Re4 {0-1 (24) Basaric,S (2166)-Zelic,Z (2391) Zagreb 2011}) 13... Nxe3 (13... cxd4 14. Bf2 $15) 14. Qxe3 {Black must now prevent Nf3.} exf4 ({Don't take} 14... cxd4 15. Qd2 $15) 15. Qxf4 {Hoping for Nf3.} Bxd4+ 16. Kh1 Bxb2 17. Rab1 Be5 18. Qd2 Qd7 19. c3 Bg7 20. Be4 Rae8 21. Rfe1 Re7 22. Kg2 Rfe8 23. c4 h5 24. h3 (24. Bf3 $17) 24... a6 $19 25. Bf3 Rxe1 26. Rxe1 Rxe1 27. Qxe1 Qa4 28. Qe2 Be5 29. g4 (29. Qd2 {was worth a try.}) 29... h4 30. Be4 b5 {Black is clearly winning.} 31. d4 (31. Kf2 $142) 31... Bxd4 32. Bxg6 fxg6 33. Qe8+ Kh7 34. Qe7+ Bg7 35. Qxh4+ Kg8 36. Qd8+ Bf8 37. Qe8 {Precision: White = 36%, Black = 77%.} 0-1

[Event "MTS Logistics 2017"]
[Site "Urla"]
[Date "2017.07.13"]
[Round "10.8"]
[White "Arat, Ufuk Sezen"]
[Black "Ozen, Deniz"]
[Result "1/2-1/2"]
[WhiteElo "2400"]
[BlackElo "2351"]
[Annotator "TA"]
[PlyCount "161"]
[EventDate "2017.??.??"]
[EventType "schev"]
[EventCountry "TUR"]
[SourceTitle "playchess.com"]
[Source "ChessBase"]
[SourceQuality "1"]

{[%evp 9,161,-12,-15,-6,-5,-9,-4,-13,-22,-56,8,18,1,-46,-47,-48,-55,-80,-108,-116,-114,-114,-116,-116,-125,-112,-109,-170,-63,-58,-32,-32,-8,-14,0,-8,0,0,0,0,0,0,0,0,6,0,0,0,0,0,0,0,0,0,0,0,0,0,0,0,0,0,0,0,0,-6,0,0,0,0,0,0,0,0,0,0,0,0,0,0,0,0,0,0,0,0,0,0,0,0,0,0,0,0,0,0,0,0,0,0,0,0,0,-622,-584,-580,-576,-397,-262,-229,0,0,0,0,0,0,0,0,0,0,0,-29977,-29978,-29978,-29979,-29979,0,0,0,0,0,0,0,0,0,0,0,0,0,0,0,0,0,0,0,0,0,0,0,0,0,0,3,3]} 1. c4 c6 2. Nf3 d5 3. b3 Nf6 4. d3 (4. Bb2 g6 5. g3 Bg7 6. Bg2 O-O 7. O-O a5 8. cxd5 cxd5 9. Nc3 Nc6 10. Rc1 d4 11. Na4 Re8 12. Rxc6 bxc6 13. Nxd4 Nd5 14. Nxc6 Qd6 15. Bxg7 Kxg7 16. Qa1+ Nf6 {1-0 (49) Svidler,P (2743)-Mamedyarov,S (2757) Sochi 2014}) 4... Bg4 5. Nbd2 Nbd7 6. h3 $146 {A12: English Opening: 1...c6 with b3 by White} ({Predecessor:} 6. cxd5 cxd5 7. Bb2 e6 8. e3 Bd6 9. h3 Bh5 10. g4 {0-1 (42) Schlinkmeier,K (2153)-Lautner,J (2220) Bayern 2006}) 6... Bxf3 7. Nxf3 e5 8. e3 Bb4+ 9. Nd2 dxc4 ({Black should try} 9... Nc5 $15 10. Rb1 d4) 10. bxc4 $11 Nc5 $36 {[%mdl 2048] [#] ...Bc3 is the strong threat. Black has the initiative.} 11. Qc2 Qd6 12. Rb1 Bxd2+ $1 13. Bxd2 O-O-O {[%cal Rc5d3]} 14. Bc3 Nxd3+ 15. Bxd3 Qxd3 16. Qxd3 Rxd3 17. Bxe5 Ne4 18. Rb3 (18. Bxg7 $17 {was necessary.} Rg8 19. Bd4) 18... Rxb3 (18... Rhd8 $19 19. Rxd3 Rxd3 20. Bxg7 Ra3) 19. axb3 $19 {[%mdl 4096] Endgame KRB-KRN} f6 (19... Rd8 {seems wilder.} 20. Bd4 c5 21. Bxg7 Rd3 22. Rf1 Rxb3 23. Ke2 a5) 20. f3 $1 fxe5 (20... Nc5 {is more complex.} 21. Bd4 Nxb3 22. Bxa7 Rd8 23. Bb6 Rd6) 21. fxe4 $15 {KR-KR} Rf8 22. Ke2 Kc7 23. Ra1 a6 24. c5 Rf6 25. g4 g5 26. b4 h6 27. h4 gxh4 {White should prevent ...Rg6.} 28. Rh1 b6 29. Rxh4 bxc5 30. bxc5 a5 31. Rh5 (31. Rh1 $5 {[%cal Rh1a1]}) 31... Re6 32. Rh1 Kb7 33. Rb1+ Ka7 34. Kf3 a4 35. Ke2 Rg6 36. Kd3 Rxg4 37. Rb4 h5 (37... Ka6 {with more complications.} 38. Rxa4+ Kb5 39. Ra7 Kxc5 40. Re7 Rg5) 38. Rxa4+ Kb7 39. Rb4+ Kc7 40. Rb1 h4 41. Rh1 Kb7 42. Rb1+ Kc7 43. Rh1 Kb7 44. Ke2 Rxe4 45. Kf3 Rc4 46. e4 Rxc5 47. Kg4 Ra5 (47... h3 $5) 48. Kf5 Kc7 (48... c5 $5 {[%cal Rc5c4]} 49. Kxe5 c4+ 50. Kd4 Rh5 $11) 49. Rxh4 Kd6 50. Rh6+ Kd7 51. Kf6 Kd6 52. Kf5+ Kd7 53. Rh1 Ke7 54. Rh7+ Kd6 55. Rg7 Rb5 56. Ra7 $2 {[%mdl 8192]} (56. Rg6+ $11 Kd7 57. Re6) 56... Rb1 $19 57. Ra2 Rf1+ 58. Kg5 Kc5 59. Rc2+ Kd4 $2 (59... Kb5 $19 60. Rb2+ Kc4) 60. Rxc6 $11 Kxe4 61. Rc4+ Kd3 62. Ra4 e4 {[%cal Be5e4,Be4e3,Be3e2][%mdl 32] White must now prevent ...e3.} 63. Ra3+ Ke2 64. Kg4 e3 (64... Rf8 $5 {[%cal Re4e3]} 65. Ra2+ Kf1 $11) 65. Ra2+ $2 {[%mdl 8192]} (65. Kg3 $11) 65... Ke1 66. Kg3 e2 67. Kg2 {[#]} Rf8 $2 (67... Rf2+ $1 {mates} 68. Kg1 Rf8 69. Ra1+ Kd2 70. Ra2+ Ke3 71. Ra1 Rg8+ 72. Kh2 Kf2 73. Kh3 e1=Q 74. Rxe1 Kxe1 75. Kh4 Rg2 76. Kh3 Kf2 77. Kh4 Kf3 78. Kh5 Kf4 79. Kh6 Kf5 80. Kh7 Kf6 81. Kh8 Kf7 82. Kh7 Rh2#) 68. Ra1+ {The position is equal.} Kd2 69. Ra2+ Kd3 (69... Kd1 $5 {[%cal Rf8c8]} 70. Ra1+ Kc2 71. Ra2+ Kd3 72. Ra3+ Ke4 73. Ra4+ Ke5 $11) 70. Ra3+ $1 Kd4 (70... Kc2 $5 71. Ra2+ $8 Kd3 72. Ra3+ Ke4 73. Ra4+ Ke5 $11) 71. Ra4+ $1 Kd5 (71... Kd3 $5 72. Ra3+ $8 Kd2 73. Ra2+ Kd3 74. Ra3+ $11) 72. Ra5+ Kd6 (72... Kc4 $5 73. Ra4+ $8 Kd3 74. Ra3+ Kd4 75. Ra4+ Ke3 76. Ra3+ Kd4 $11) 73. Ra6+ Kd7 (73... Kd5 $5 74. Ra5+ $8 Kd4 75. Ra4+ Ke5 $15) 74. Ra7+ Kd8 75. Ra8+ Kc7 76. Ra7+ Kd6 77. Ra6+ Kd5 78. Ra5+ Kc4 79. Ra4+ $1 Kc3 (79... Kb3 $5 80. Re4 $8 Rf7 $11) 80. Ra3+ $1 Kb4 (80... Kc2 $5 81. Ra2+ $8 Kd1 82. Ra1+ Kc2 83. Ra2+ Kd3 84. Ra3+ Kd4 85. Ra4+ Kd5 86. Ra5+ $11) 81. Re3 {Precision: White = 84%, Black = 57%.} 1/2-1/2

[Event "MTS Logistics 2017"]
[Site "Urla"]
[Date "2017.07.13"]
[Round "10.9"]
[White "Guseynov, Alihan"]
[Black "Dedebas, Emre Emin"]
[Result "1/2-1/2"]
[WhiteElo "2352"]
[BlackElo "2322"]
[Annotator "TA"]
[PlyCount "28"]
[EventDate "2017.??.??"]
[EventType "schev"]
[EventCountry "TUR"]
[SourceTitle "playchess.com"]
[Source "ChessBase"]
[SourceQuality "1"]

{[%evp 13,28,40,37,23,28,25,42,49,46,22,45,47,47,45,50,44,44]} 1. d4 d5 2. c4 dxc4 3. e4 Nf6 4. e5 Nd5 5. Bxc4 Nb6 6. Bd3 Nc6 7. Ne2 Bg4 8. Be3 {D20: Queen's Gambit Accepted: 3 e3 and 3 e4} e6 9. Nbc3 Be7 10. O-O Qd7 11. a3 $146 (11. f3 $5 {[%cal Rf3g4]} Bh5 12. Be4 $11) ({Predecessor:} 11. f3 Bh5 12. Rc1 Bg6 13. Be4 Nc4 14. Bf2 Nb6 15. a3 O-O {1-0 (63) Volkov,S (2630)-Deviatkin,A (2495) Internet 2004}) 11... Rd8 12. Be4 {White is slightly better.} Bf5 13. Bxf5 exf5 14. Qc2 f4 1/2-1/2